000 00514nam a2200145 a 4500
008 120416s1977 ||||||||||||||||| || u
050 _aHF 5635 Gra
100 _aGranof, Michael H
245 1 0 _aFinancial accounting
246 _aprinciples and issues
260 _aEnglewood Cliffs, N.J.
_bFT Prentice-Hall
_c1977
300 _axi, 643p. : ill
350 _a0.00
995 _D0.00
_FCBU-MAIN LIBRARY (Kitwe)
_H1
_I0.00
_M1
_UDAMAGED
_ZMain Library Open Access Collection
999 _c43314
_d43314